000
00450nam a2200133Ia 4500
008
100328s9999 xx 000 0 und d
082
_b
33781
100
_a
भोंजाळ चंद्रकांत-अनु.(मूळ लेखक-जितेंद्र भाटिया)
245
_a
अन्तहीन.
260
_b
चेतश्री
630
_a
अन्तहीन.
730
_a
अन्तहीन.
942
_c
BOOK
999
_c
524115
_d
524112